Регионална библиотека "Любен Каравелов" - Русе

Торене в озеленяването (Запис номер 181647)

MARC детайли
000 -Лидер
Контролно поле с фиксирана дължина 01381nam a2200325 c 4500
003 - Код на организацията, давaща контролен номер
Контролно поле BLK
005 - Дата и час на последна редакция
Контролно поле 20180422115154.0
008 - Елементи от данни с фиксирана дължина
fixed length control field 180411b bul|||||r ||||||| ||bul||
010 ## - Наследен системен номер
LC control number KNG00190553000
040 ## - Източник на каталожния запис
Идентификатор на билиотеката - собственик на записа BLK
041 ## - Код за език
Код за езика на текст/звукозапис или на отделно заглавие Български
Код за езика КДБФ Български
080 ## - УДК
Текстов определител УДК Торове. Торене. Стимулиране растежа на растенията. Растителни стимулатори
УДК код - определител по УДК 631.8
УДК определител (035)
УДК - код + определител 631.8(035)
100 1# - Редна дума - Автор
Автор Генчева, Светла Славева
Авторска отговорност първи автор
R(LIN) 383850
139 ## - Редно поле
Редна дума Генчева, Светла Славева
Авторски знак Генч - Г 33
245 10 - Сведения за заглавието
Заглавие Торене в озеленяването
Подзаглавни данни [Ръководство]
Редно поле (дума) Светла Славева Генчева.
257 ## - Страна на издаване
Страна на създаване/издаване България
260 ## - Област на издателските данни
-- София
Име на издателя, разпространителя и проч. Земиздат
Година на издаване 1983
Печатница (Хасково : Ат. Стратиев)
300 ## - Физическа характеристика
Страници 228 с.
Илюстрации и др. с ил., табл., диагр.
Размери/Мащаб 20 см
380 ## - Жанр
Жанр Селско стопанство
500 ## - Общи забележки
Забележка Пълното име на авт. е Светла Славева Генчева-Костадинова. - 815 тир. - Библиогр. с. 221-226.
650 #4 - Допълнително описание по предмет – тема
Основно описание – тема или топоним Озеленяване
9 (RLIN) 164859
650 #4 - Допълнително описание по предмет – тема
Основно описание – тема или топоним Торене
9 (RLIN) 173808
653 ## - Ключова дума – ненормативна
Ключова дума озеленяване
653 ## - Ключова дума – ненормативна
Ключова дума торене
852 ## - Местоположение
Форматна сигнатура Цб 120865
856 4# - Електронен адрес и достъп
Електронен формат pdf - файл
Път до файла /url/
856 4# - Електронен адрес и достъп
Електронен формат pdf - файл
Път до файла /url/
942 ## - АРТИКУЛИ
Вид на библиотечния материал Книги
Скрит в OPAC Не
944 ## - СЪЗДАВАНЕ И РЕДАКЦИЯ на ЗАПИСА
Създаване/Редакция Създаване
Дата на регистрацията/редакция 17.09.2016
Служител, извършил регистрацията/редакцията Ирена_Линкова
944 ## - СЪЗДАВАНЕ И РЕДАКЦИЯ на ЗАПИСА
Създаване/Редакция Редакция
Дата на регистрацията/редакция 17.09.2016
Служител, извършил регистрацията/редакцията Ирена_Линкова
999 ## - СИСТЕМНИ КОНТРОЛНИ НОМЕРА
Koha biblionumber 181647
Koha biblioitemnumber 181647
Наличности
Код за отписване Код за изгубен артикул Източник на класификационната схема Код за повреда Коз за рестрикции Код за отдаване Артикулен № Име на библиотеката - собственик Име на библиотеката, в която се намира в момента Статус (Текущо местоположение) Дата на вписване в системата Местоположение - отдел Цена в лева Инвентарен номер Систематично азбучна сигнатура Баркод Номер на екземпляра Цена в евро Служебна бележка Служебен тип на артикула
  Не е изгубен Universal Decimal Classification Не е повреден без рестрикции ползва се в читалня 311132 Регионална библиотека "Любен Каравелов" Русе Регионална библиотека "Любен Каравелов" Русе Хранилище 1983-01-01 Хранилище 1.77 375219 Цб 120865 120000375219 1 0.90 Дост: Dp Вид: Д N: сф Дата: 01.01.1983 Книги
Изтеглен Не е изгубен Universal Decimal Classification Не е повреден без рестрикции заемане за дома 311133 Регионална библиотека "Любен Каравелов" Русе Регионална библиотека "Любен Каравелов" Русе Заемна - подръчен фонд 1983-01-01 Заемна - подръчен фонд 1.77 374840 П 631.8(035)/Г 33 374840 2 0.90 Дост: Pk Вид: Ф N: сф Дата: 01.01.1983 Дата инв: 06.02.2018 Бележки инв: П2018 Книги
Vip Innovations Ltd, Rousse, Bulgaria 2025